Rozpoznaj piosenkę Zeamsone - Statystyki

Ogólne statystyki
  • Ten quiz został rozwiązany 716 razy
  • Średni wynik to 9 z 15
Statystyki odpowiedzi
Hint Odpowiedź % Poprawnych
"Prędzej czy później przyzwyczają się wszyscy" Bb
89%
"Tańczę jak baletnica,nie pociągam tu sznurków jak balenciaga'' ABCD
83%
"Miałem być najgorszy jak 666,miałem być najlepszy jak 777'' San Andreas
82%
"Gram na autotunie jak na gitarze Najlepszy instrument, ty nie pytaj o czym marzę" Ballada
79%
,,Miałem kiedyś biały Tees i biały kaptur, białe jeansy'' Jedna Noc
63%
"Kiedyś szukałem tu prawdy,do dzisiaj nie znalazłem prawdy'' Koleżanki
63%
"Dwieście klatek na sekundę, za szybki do zauważenia przez służbę" Metro
57%
"Przyjacielu to nie pierwszy raz" Przyjacielu export
53%
"Ile kosztuje twój cały dom i twoja mała lady?" Nie Interesuje
50%
"Żartuje sobie codziennie z życia które mam za rogiem" XD
49%
Parę dziwnych kobiet, pyta kiedy kwit zarobię Dystans
46%
"Kiedyś coś spalę naprawdę nigdy nie mówiłem,że spałem na hajsie'' Trasher
43%
"Zeams i oner i człowiek zagadka" Liczby
34%
"Jestem tym zielonym grogiem który bombi Twoje ściany" Ten Trueschoolowy
34%
"Chciała coś zapalić, oczy zalane miała tu łzami" To nie anioł
28%
Nie znaleziono quizów pasujących do podanych kryteriów
Rozkład punktacji
Procent ludzi z każdym wynikiem
Percentyl według liczby udzielonych odpowiedzi
Twoja historia wyników
Nie rozwiązałeś tego quizu